| 000 | 00386nam a22001577a 4500 | ||
|---|---|---|---|
| 003 | OSt | ||
| 005 | 20211108161131.0 | ||
| 008 | 211108b |||||||| |||| 00| 0 eng d | ||
| 020 | _a139780495601142 | ||
| 040 |
_aHU _cDDC |
||
| 082 | _a364/SIE | ||
| 245 | _aINTRODCTION TO CRIMINAL JUSTICEAS | ||
| 260 |
_aAUSTRALIA _bTHOMSON _c2008 |
||
| 300 | _aXXIII,636P,35CM | ||
| 942 |
_2ddc _cBOOKS _n0 |
||
| 999 |
_c17182 _d17182 |
||